|
|
|
|
| LEADER |
00000nam a22000007a 4500 |
| 005 |
2020102008328.0 |
| 007 |
cr|||| |||| |
| 008 |
201020c20199999pe qr|w s|||| 0|||b1spa d |
| 035 |
|
|
|a 32143
|
| 040 |
|
|
|a vLex
|
| 090 |
|
|
|c 10774
|d 10774
|
| 245 |
0 |
0 |
|a Publicaciones Rubio Legua̕ Normand
|h [Recurso electrn̤ico] /
|
| 256 |
|
|
|a Servicio en ln̕ea
|
| 260 |
|
|
|a Lima:
|b Rubio Leguia Normand,
|c 2019 -
|
| 300 |
|
|
|a 1 recurso electrn̤ico
|
| 310 |
|
|
|a Trimestral
|
| 506 |
1 |
|
|a Disponible solo en los productos indicados
|d vLex Global
|d vLex Global (Academic Edition, excluding Law Schools)
|d vLex Global (U.S. Academic Edition, Law Schools)
|d vLex Global (U.S. Academic Edition, excluding Law Schools)
|d vLex Global (Academic Edition, Law Schools)
|
| 650 |
0 |
4 |
|a Derecho Civil
|z Per︢
|
| 740 |
0 |
|
|a vLex Revistas (Servicio en ln̕ea)
|
| 856 |
4 |
0 |
|u http://vlex.com/source/publicaciones-rubio-leguia-normand-32143
|z Acceso restringido
|
| 942 |
|
|
|c REV
|
| 999 |
0 |
|
|a Civil Law
|